000 003500000a22001090004500
090 _aAR
_b04437
245 1 0 _aFour new species of Bacilloflagellomera Papp & Silva, 1995 (diptera, Lauxaniidae)
041 0 _aInglés
100 1 _aSilva, Vera Cristina
_998313
942 _cARTICULO
773 1 _tMitt.Mus.Nat.kd. Berl., Dtsch. entomol.
_h1
_q101-110
_d1999
_g46
999 _c13535
_d13535